| 000 | 00807nam a2200205 a 4500 | ||
|---|---|---|---|
| 001 | BRCA_164 | ||
| 005 | 20190320202915.0 | ||
| 008 | 990602s1992 mx-a---##b---#000-0#spa-# | ||
| 020 | _a9706201351 | ||
| 040 |
_aDLC _cDLC |
||
| 050 | 4 |
_aBX1428.2 _b.V57 1992 |
|
| 245 | 1 | 0 |
_aVisiones y creencias IV _bAnuario Conmemorativo del V Centenario de la llegada de España a America. |
| 260 |
_aMéxico _bUAM. Azcapotzalco, División de Ciencias Sociales y Humanidades, Departamento de Humanidades, Area de Historia de México _c1992 |
||
| 300 |
_a304 p. _bil. _c24 cm. |
||
| 504 | _aIncluye referencias bibliográficas | ||
| 610 | 2 | 4 |
_aIglesia católica _xHistoria _zMéxico _9629 |
| 610 | 2 | 4 |
_aIglesia católica _xHistoria _zEspaña _9630 |
| 651 | 4 |
_aMéxico _xHistoria _yColonia española, 1540-1810 _9394 |
|
| 942 |
_2lcc _cB |
||
| 999 |
_c142 _d142 |
||